| 000 | 00736nam a2200217 a 4500 | ||
|---|---|---|---|
| 001 | BRCA_1097 | ||
| 005 | 20190320203257.0 | ||
| 008 | 980610s1997 mx-a---##b---#000-0#spa-# | ||
| 020 | _a968806694X | ||
| 040 |
_aDLC _cDLC _dDLC |
||
| 050 | 4 |
_aN910.M40 _b.A73 1997 |
|
| 245 | 1 | 0 |
_aAntiguo Palacio del Arzobispado _bMuseo de la Secretaría de Hacienda y Crédito Público _ctextos, Miguel León Portilla ....[et al.]. |
| 260 |
_aMéxico _bSHCP _c1997 |
||
| 300 |
_a254 p. _bil. a color _c34 cm. |
||
| 504 | _aBibliografía: p. 248-252 | ||
| 610 | 2 | 4 |
_aSecretaría de Hacienda y Crédito Público (México) _93608 |
| 650 | 1 | 4 |
_aArte _zMéxico _93609 |
| 650 | 1 | 4 |
_aArte mexicano _92321 |
| 700 | 1 |
_aLeón Portilla, Miguel. _9504 |
|
| 942 |
_2lcc _cB |
||
| 999 |
_c976 _d976 |
||